[Event "Buenos Aires San Martin Memorial"]
[Site "Buenos Aires"]
[Date "2020.03.06"]
[Round "1"]
[White "Valli, Americo"]
[Black "Ponzo, Fabian Alejandro"]
[Result "1/2-1/2"]
[WhiteElo "1954"]
[BlackElo "2021"]
[PlyCount "104"]
[EventDate "2020.03.06"]
[EventType "tourn"]
[EventRounds "9"]
[EventCountry "ARG"]
[SourceTitle "CBM 195 Extra"]
[Source "ChessBase"]
[SourceDate "2020.05.31"]
[SourceVersion "1"]
[SourceVersionDate "2020.05.31"]
[SourceQuality "1"]

1. Nf3 Nf6 2. c4 c5 3. Nc3 Nc6 4. d4 cxd4 5. Nxd4 g6 6. e4 Bg7 7. Nxc6 bxc6 8. e5 Ng8 9. f4 f6 10. Bd3 fxe5 11. Qc2 e4 12. Nxe4 Nh6 13. Ng5 0-0 14. 0-0 Nf5 15. c5 Qa5 16. Qc4+ e6 17. b4 Qc7 18. Rb1 a5 19. a3 Ba6 20. Qe4 axb4 21. axb4 Bxd3 22. Qxd3 Rfb8 23. Rd1 Rb7 24. Nf3 Ne7 25. g3 Nd5 26. Bd2 Qb8 27. h4 Ra2 28. h5 gxh5 29. Ng5 h6 30. Ne4 Rba7 31. Nd6 R2a3 32. Qg6 Qf8 33. f5 Ne7 34. Qxh5 Nxf5 35. Nxf5 Qxf5 36. Qxf5 exf5 37. Bf4 Ra1 38. Kg2 Rxb1 39. Rxb1 Rb7 40. Bd2 Kf7 41. Rb3 h5 42. Rd3 Bf6 43. Rf3 Kg6 44. Rd3 Ra7 45. Kf3 h4 46. gxh4 Bxh4 47. Rd6+ Kf7 48. Kf4 Be7 49. Rd3 Kg6 50. Rg3+ Kf7 51. Kxf5 Ra2 52. Rd3 Ra7 1/2-1/2

[Event "ARG-ch sf 94th"]
[Site "Buenos Aires"]
[Date "2019.03.31"]
[Round "2"]
[White "Ponzo, Fabian Alejandro"]
[Black "Fiorito, Fabian"]
[Result "0-1"]
[WhiteElo "2016"]
[BlackElo "2366"]
[PlyCount "78"]
[EventDate "2019.03.30"]
[EventType "swiss"]
[EventRounds "9"]
[EventCountry "ARG"]
[SourceTitle "CBM 189 Extra"]
[Source "ChessBase"]
[SourceDate "2019.05.31"]
[SourceVersion "1"]
[SourceVersionDate "2019.05.31"]
[SourceQuality "1"]

1. d4 Nf6 2. Bf4 g6 3. e3 Bg7 4. Nf3 0-0 5. Be2 d6 6. h3 b6 7. 0-0 Bb7 8. Nbd2 Nbd7 9. c3 e6 10. a4 a6 11. Qc2 Qe7 12. Bh2 e5 13. Rfd1 Rad8 14. a5 b5 15. c4 exd4 16. Nxd4 bxc4 17. Nxc4 d5 18. Nd2 c5 19. N4f3 Rc8 20. Ra3 c4 21. Nb1 Ne4 22. Nd4 Rfe8 23. Bf1 Ndc5 24. Ra2 Bh6 25. Ra3 Qf6 26. Nf3 Nb3 27. Re1 Bg7 28. Re2 Re7 29. Ra2 Rce8 30. Nbd2 Nec5 31. Bg3 h6 32. Nh2 Nxd2 33. Qxd2 Ne4 34. Qe1 Nxg3 35. fxg3 d4 36. Ng4 Qd6 37. exd4 Rxe2 38. Bxe2 h5 39. Nf2 Qxg3 0-1

[Event "Buenos Aires Szmetan Giardelli op"]
[Site "Buenos Aires"]
[Date "2018.12.05"]
[Round "2"]
[White "Flores, Nicolas Ruben"]
[Black "Ponzo, Fabian Alejandro"]
[Result "1-0"]
[WhiteElo "1727"]
[BlackElo "2051"]
[PlyCount "93"]
[EventDate "2018.12.04"]
[EventType "swiss"]
[EventRounds "9"]
[EventCountry "ARG"]
[SourceTitle "CBM 187 Extra"]
[Source "ChessBase"]
[SourceDate "2018.11.04"]
[SourceVersion "1"]
[SourceVersionDate "2018.11.04"]
[SourceQuality "1"]

1. d4 Nf6 2. Bf4 c5 3. e3 e6 4. Nf3 Qb6 5. Nc3 a6 6. Rb1 cxd4 7. exd4 d5 8. Be2 Bb4 9. 0-0 Nc6 10. Na4 Qd8 11. c3 Be7 12. Qb3 b5 13. Nc5 Bxc5 14. dxc5 Ne4 15. Qa3 Bb7 16. b4 g5 17. Be3 0-0 18. Nd4 e5 19. Nxc6 Bxc6 20. f3 Nxc3 21. Qxc3 d4 22. Qb2 dxe3 23. Qxe5 Qd5 24. Qf6 Qe6 25. Qxe6 fxe6 26. Rbd1 Rad8 27. Rxd8 Rxd8 28. Rd1 Rf8 29. Rd3 Rf4 30. a3 Bd5 31. Rxe3 Kf7 32. Bd3 h6 33. Be4 Bxe4 34. Rxe4 Kf6 35. Kf2 Ke7 36. Ke3 Rf8 37. Rd4 Ra8 38. Rd6 h5 39. h3 h4 40. Rb6 Kf6 41. c6 Ke5 42. c7 Rc8 43. Rc6 Kd5 44. Rc5+ Kd6 45. Ke4 a5 46. Kd4 axb4 47. axb4 1-0

[Event "ARG-ch sf 93rd"]
[Site "Buenos Aires"]
[Date "2018.05.26"]
[Round "8"]
[White "Aguero Arce, Matias"]
[Black "Ponzo, Fabian Alejandro"]
[Result "1-0"]
[WhiteElo "2200"]
[BlackElo "2033"]
[PlyCount "111"]
[EventDate "2018.05.19"]
[EventType "swiss"]
[EventRounds "9"]
[EventCountry "ARG"]
[SourceTitle "CBM 184 Extra"]
[Source "ChessBase"]
[SourceDate "2018.06.28"]
[SourceVersion "1"]
[SourceVersionDate "2018.06.28"]
[SourceQuality "1"]

1. d4 Nf6 2. Nf3 c5 3. d5 d6 4. c4 e5 5. dxe6 Bxe6 6. b3 Be7 7. Bb2 0-0 8. e3 d5 9. Nbd2 Nc6 10. cxd5 Nxd5 11. Bb5 Ndb4 12. 0-0 a6 13. Bc4 Bg4 14. h3 Bh5 15. Ne4 Bg6 16. Nfd2 b5 17. Be2 Nd3 18. Bxd3 Qxd3 19. Ng3 Bh4 20. Ne2 Rfd8 21. Nf3 Be7 22. Nf4 Qe4 23. Qe2 Nb4 24. Rfd1 Qc2 25. Qxc2 Bxc2 26. Rdc1 Be4 27. Ne1 Rac8 28. a3 Nd5 29. Nh5 f6 30. Ng3 Bg6 31. a4 b4 32. Nf3 a5 33. Nh4 Bf7 34. Nhf5 Bf8 35. Ne4 g6 36. Nfg3 Be7 37. Rc2 f5 38. Nd2 Nb6 39. Rac1 Rxd2 40. Rxd2 Bxb3 41. Be5 c4 42. e4 c3 43. Rd4 Bc5 44. Rd3 Nc4 45. Bxc3 Bxa4 46. Bd4 Bf8 47. exf5 gxf5 48. Nxf5 Rc6 49. Rg3+ Kf7 50. Rf3 Ke8 51. Re1+ Kd7 52. Ng3 Bd6 53. Rf7+ Kd8 54. Bf6+ Be7 55. Bxe7+ Ke8 56. Bxb4+ 1-0

[Event "ARG-ch sf 93rd"]
[Site "Buenos Aires"]
[Date "2018.05.20"]
[Round "2"]
[White "De Dovitiis, Alejo"]
[Black "Ponzo, Fabian Alejandro"]
[Result "1-0"]
[WhiteElo "2355"]
[BlackElo "2033"]
[PlyCount "75"]
[EventDate "2018.05.19"]
[EventType "swiss"]
[EventRounds "9"]
[EventCountry "ARG"]
[SourceTitle "CBM 184 Extra"]
[Source "ChessBase"]
[SourceDate "2018.06.28"]
[SourceVersion "1"]
[SourceVersionDate "2018.06.28"]
[SourceQuality "1"]

1. d4 Nf6 2. Nc3 c5 3. dxc5 g6 4. e4 Nc6 5. Be3 Bg7 6. h3 0-0 7. Nf3 Qa5 8. Qd2 d6 9. cxd6 exd6 10. Bd3 Re8 11. 0-0 Rb8 12. Nb5 Nxe4 13. Qxa5 Nxa5 14. Bxa7 Bd7 15. Bxb8 Bxb5 16. Bc7 Nc4 17. b3 Na3 18. Rae1 f5 19. Ba5 Ra8 20. Bb4 Bc6 21. c4 b5 22. cxb5 Nxb5 23. Rc1 Bd7 24. Bc4+ Kh8 25. Rfd1 h6 26. a4 Nbc3 27. Bxc3 Nxc3 28. Rxd6 Be8 29. Nd2 Rc8 30. Kf1 Be5 31. Rd3 Na2 32. Re1 Bf6 33. Bb5 Bf7 34. Rd7 Kg8 35. Bc4 Bxc4+ 36. Nxc4 Nc3 37. f3 Rb8 38. Re6 1-0

[Event "Caba Legislatura Cup"]
[Site "Caba"]
[Date "2018.04.07"]
[Round "2"]
[White "Dolezal, Cristian"]
[Black "Ponzo, Fabian Alejandro"]
[Result "1-0"]
[WhiteElo "2411"]
[BlackElo "2046"]
[PlyCount "83"]
[EventDate "2018.04.06"]
[EventType "swiss"]
[EventRounds "9"]
[EventCountry "ARG"]
[SourceTitle "CBM 184 Extra"]
[Source "ChessBase"]
[SourceDate "2018.06.28"]
[SourceVersion "1"]
[SourceVersionDate "2018.06.28"]
[SourceQuality "1"]

1. d4 Nf6 2. Bg5 c5 3. d5 e5 4. Nc3 d6 5. e4 a6 6. f3 b5 7. Qd2 g6 8. a4 b4 9. Nd1 h6 10. Be3 Bg7 11. Nf2 h5 12. Ngh3 Nbd7 13. Be2 Ng8 14. Ng5 Bf6 15. h4 Be7 16. g3 Ngf6 17. Kf1 Bf8 18. Kg2 Bg7 19. a5 Nh7 20. c3 bxc3 21. bxc3 0-0 22. Nd1 Ndf6 23. Nb2 Ra7 24. Nc4 Re7 25. Rab1 Ne8 26. Rb6 Nxg5 27. hxg5 f5 28. gxf6 Bxf6 29. Qb2 Rh7 30. Rb8 Qc7 31. Qb6 Qd7 32. Qc6 Qxc6 33. dxc6 Rc7 34. Nb6 Be6 35. Bxa6 Ra7 36. Bc4 Bxc4 37. Nxc4 Be7 38. Bh6 Ng7 39. Rb7 Rfa8 40. Bxg7 Kxg7 41. Rhb1 Kf6 42. c7 1-0

[Event "Monte Grande Fasgba U2200 14th"]
[Site "Monte Grande"]
[Date "2017.06.17"]
[Round "3.1"]
[White "Ponzo, Fabian Alejandro"]
[Black "Lo Presti, Roberto"]
[Result "1-0"]
[WhiteElo "2030"]
[BlackElo "1955"]
[PlyCount "80"]
[EventDate "2017.06.16"]
[EventType "swiss"]
[EventRounds "6"]
[EventCountry "ARG"]
[SourceTitle "EXT 2024"]
[Source "ChessBase"]
[SourceDate "2023.10.10"]
[SourceVersion "1"]
[SourceVersionDate "2023.10.10"]
[SourceQuality "1"]

1. c4 f5 2. Nc3 Nf6 3. g3 e6 4. Bg2 d5 5. cxd5 exd5 6. d4 c6 7. Nf3 Bd6 8. 0-0 0-0 9. Ne5 Nbd7 10. Nd3 Qb6 11. e3 Re8 12. Rb1 a5 13. a3 Ne4 14. Qc2 Ndf6 15. f3 Ng5 16. Qf2 Qc7 17. Bd2 b6 18. Rfc1 Ba6 19. Nf4 Bxf4 20. gxf4 Ne6 21. Bf1 Bxf1 22. Qxf1 Qd7 23. Qd3 Nf8 24. Na4 Rab8 25. Qc2 Rec8 26. b4 axb4 27. axb4 Ng6 28. Nb2 Nh4 29. Qd1 Qf7 30. Qe2 Qh5 31. Rf1 c5 32. dxc5 bxc5 33. Nd3 c4 34. Ne5 c3 35. Be1 Ng6 36. Qd3 c2 37. Rc1 Nxe5 38. fxe5 Qg5+ 39. Kh1 Nh5 40. Bc3 Qh4 1-0

[Event "Monte Grande IRT 49 Cup Pedro Dreyer"]
[Site "Monte Grande"]
[Date "2015.09.12"]
[Round "2.5"]
[White "Ponzo, Fabian Alejandro"]
[Black "Begue, Jorge"]
[Result "1-0"]
[WhiteElo "1998"]
[BlackElo "1550"]
[PlyCount "77"]
[EventDate "2015.09.05"]
[EventType "swiss"]
[EventRounds "7"]
[EventCountry "ARG"]
[SourceTitle "EXT 2024"]
[Source "ChessBase"]
[SourceDate "2023.10.10"]
[SourceVersion "1"]
[SourceVersionDate "2023.10.10"]
[SourceQuality "1"]

1. d4 Nf6 2. c4 g6 3. Nc3 Bg7 4. e4 d6 5. f3 0-0 6. Be3 Nbd7 7. Qd2 e5 8. Nge2 exd4 9. Nxd4 Ne5 10. 0-0-0 Nc6 11. Nxc6 bxc6 12. e5 Ne8 13. Bh6 Bxe5 14. Bxf8 Kxf8 15. h4 Qf6 16. Ne4 Bf4 17. Nxf6 Bxd2+ 18. Rxd2 Nxf6 19. Bd3 a5 20. g4 Bb7 21. h5 g5 22. c5 d5 23. Re1 h6 24. Bf5 Rd8 25. Rd4 Nd7 26. Bxd7 Rxd7 27. Ra4 Rd8 28. Rxa5 Ra8 29. Rxa8+ Bxa8 30. Re3 Bb7 31. Ra3 Ke7 32. Ra7 Bc8 33. Rxc7+ Bd7 34. b4 Kd8 35. Rxd7+ Kxd7 36. a4 Kc7 37. Kd2 f6 38. Kd3 Kd7 39. b5 1-0

[Event "Monte Grande Ponzo Cup U2200 12th"]
[Site "Monte Grande"]
[Date "2015.06.13"]
[Round "2.5"]
[White "Ponzo, Fabian Alejandro"]
[Black "Begue, Jorge"]
[Result "1-0"]
[WhiteElo "2045"]
[BlackElo "1548"]
[PlyCount "34"]
[EventDate "2015.06.13"]
[EventType "swiss"]
[EventRounds "7"]
[EventCountry "ARG"]
[SourceTitle "EXT 2024"]
[Source "ChessBase"]
[SourceDate "2023.10.10"]
[SourceVersion "1"]
[SourceVersionDate "2023.10.10"]
[SourceQuality "1"]

1. e4 c5 2. Nf3 e6 3. b4 b6 4. bxc5 Bxc5 5. d4 Be7 6. Ba3 Bxa3 7. Nxa3 Bb7 8. Nb5 d6 9. e5 Qe7 10. Nxd6+ Kf8 11. Bd3 Bc6 12. 0-0 Nd7 13. c4 f6 14. d5 exd5 15. Nf5 Qf7 16. e6 Qxe6 17. N3d4 Qe8 1-0

[Event "ARG-ch 85th"]
[Site "Buenos Aires"]
[Date "2010.07.13"]
[Round "8"]
[White "Ponzo, Fabian Alejandro"]
[Black "Cereijo, Nicolas"]
[Result "1-0"]
[WhiteElo "2027"]
[BlackElo "2139"]
[PlyCount "71"]
[EventDate "2010.07.05"]
[EventType "swiss"]
[EventRounds "11"]
[EventCountry "ARG"]
[SourceTitle "CBM 137 Extra"]
[Source "ChessBase"]
[SourceDate "2010.09.01"]
[SourceVersion "1"]
[SourceVersionDate "2010.09.01"]
[SourceQuality "1"]

1. Nf3 d5 2. d4 e6 3. g3 Nf6 4. Bg2 Be7 5. c4 0-0 6. Nc3 dxc4 7. Qa4 a6 8. Qxc4 b5 9. Qd3 Bb7 10. Be3 Nbd7 11. Rc1 Rc8 12. 0-0 c5 13. dxc5 Nxc5 14. Qxd8 Rfxd8 15. a3 Nb3 16. Rcd1 Nd5 17. Nxd5 Bxd5 18. Nd4 Bxg2 19. Kxg2 Na5 20. Bd2 Nc4 21. Bc3 Nxa3 22. Ba5 Nc4 23. Bxd8 Bxd8 24. b3 Na5 25. Rc1 Ra8 26. Rc2 Bf6 27. Rfc1 Rf8 28. Ra2 Bxd4 29. Rxa5 b4 30. Rxa6 g6 31. Rc7 Rd8 32. Rxe6 Rd5 33. Ree7 Rf5 34. f4 h6 35. e4 Rf6 36. e5 1-0

[Event "Buenos Aires La Punta op"]
[Site "Buenos Aires"]
[Date "2009.05.27"]
[Round "4"]
[White "Quiroga, Sergio Ricardo"]
[Black "Ponzo, Fabian Alejandro"]
[Result "1-0"]
[WhiteElo "2206"]
[BlackElo "2114"]
[PlyCount "77"]
[EventDate "2009.05.25"]
[EventType "swiss"]
[EventRounds "9"]
[EventCountry "ARG"]
[SourceTitle "CBM 130 Extra"]
[Source "ChessBase"]
[SourceDate "2009.07.02"]
[SourceVersion "2"]
[SourceVersionDate "2009.07.15"]
[SourceQuality "1"]

1. d4 Nf6 2. c4 c5 3. Nf3 g6 4. Nc3 Bg7 5. g3 0-0 6. Bg2 cxd4 7. Nxd4 Nc6 8. 0-0 Qb6 9. Nc2 d6 10. b3 Qa5 11. Nb5 Ne4 12. Bxe4 Bxa1 13. Nxa1 a6 14. Bd2 Qb6 15. Be3 Qa5 16. Bd2 Qb6 17. Nc3 Bh3 18. Bg2 Bxg2 19. Kxg2 Qd8 20. Nc2 Qd7 21. Nd5 Rad8 22. Bh6 Rfe8 23. Nd4 Ne5 24. a4 Ng4 25. Bg5 f6 26. Bc1 e6 27. Nc3 h5 28. h3 Ne5 29. Qd2 Nf7 30. Bb2 e5 31. Nd5 Kg7 32. Nf3 g5 33. h4 Rh8 34. hxg5 fxg5 35. Nxg5 h4 36. Nxf7 Kxf7 37. Qg5 Rdg8 38. Qf6+ Ke8 39. Qxh8 1-0

[Event "Buenos Aires-chT Intercoop 30th"]
[Site "Buenos Aires"]
[Date "2004.08.21"]
[Round "1"]
[White "Ponzo, Fabian Alejandro"]
[Black "Wisniacki, Flavio"]
[Result "0-1"]
[WhiteElo "2082"]
[BlackElo "2036"]
[PlyCount "88"]
[EventDate "2004.08.21"]
[EventType "team-tourn"]
[EventRounds "7"]
[EventCountry "ARG"]
[SourceTitle "CBM 102 Extra"]
[Source "ChessBase"]
[SourceDate "2004.11.03"]
[SourceVersion "1"]
[SourceVersionDate "2004.11.03"]
[SourceQuality "1"]

1. c4 Nf6 2. Nc3 d5 3. cxd5 Nxd5 4. g3 Nxc3 5. bxc3 c5 6. Bg2 g6 7. Nf3 Nc6 8. d4 Bg7 9. e3 Qa5 10. Bd2 Qa6 11. Bf1 Qb6 12. d5 Na5 13. Rb1 Qc7 14. Qa4+ Bd7 15. Bb5 b6 16. e4 Rd8 17. 0-0 0-0 18. c4 Bh3 19. Rfe1 Bg4 20. Bf4 e5 21. dxe6 Qe7 22. Ne5 Bxe6 23. Nc6 Nxc6 24. Bxc6 Bd4 25. Be3 Bxe3 26. Rxe3 Rd2 27. Bd5 Qf6 28. Rf1 Bh3 29. e5 Qf5 30. Bg2 Bxg2 31. Kxg2 Qd7 32. Qxd7 Rxd7 33. Rfe1 Rd4 34. Rc1 Re8 35. Rc2 Kf8 36. f4 Ke7 37. Kf3 h5 38. h3 Ke6 39. a4 Red8 40. g4 hxg4+ 41. hxg4 Rh8 42. Kg3 Rd1 43. Kf3 Rh3+ 44. Ke4 Rd4# 0-1